000 00974nam a2200241Ia 4500
003 OSt
005 20200813120934.0
008 191128s1986 ck gr 000 0 spa d
020 _a9586041689
040 _aCo-JMCR
_cCo-JMCR
041 0 _aspa
082 0 4 _a368.012 /
_bN177s
_223
100 1 _aNarváez Bonnet, Jorge Eduardo,
_eautor
_98713
245 1 3 _aEl seguro global para entidades financieras :
_baspectos técnicos y legales /
_cJorge Eduardo Narváez Bonnet
260 _aBogotá :
_bTemis,
_c1986
300 _a155 páginas ;
_c23 cm.
500 _aNotas a pie de páginas. Incluye índice de disposiciones, materias.
505 0 _aEl seguro global -- Formación y desarrollo del contrato de seguro -- Extención de los amparos básicos de la póliza global para entidades financieras -- Otras condiciones de la póliza
650 1 4 _aPólizas
_98714
650 2 4 _aExtensión
_xpólizas
_98715
650 2 4 _aCondiciones de póliza
_98716
942 _2ddc
_cBK
999 _c6002
_d6002